000 01180 a2200229 4500
001 53094
005 20260407155804.0
008 260407a1971 arg spa d
003 AR-UNSa-BCEJYS
040 _aAR-UNSa-BCEJYS
_bspa
_cAR-UNSa-BCEJYS
080 _a339.9
_xEconomía internacional en general. Relaciones económicas internacionales. Economía mundial
245 1 0 _aEnsayos de economía internacional
264 1 _aBuenos Aires :
_bAmorrortu Editores
_c1971
300 _a673 p.
_c23 cm.
505 _aPrimera parte: Teoría de la ventaja comparativa - Segunda parte: Movimiento internacional de factores - Tercera parte: Política comercial y bienestar - Cuarta parte: Comercio, desarrollo y crecimiento - Quinta parte: Balanza de pagos y estabilidad cambiaria - Sexta parte: Ingreso nacional y pagos internacionales - Séptima parte: Investigaciones empíricas sobre el comercio y los pagos internacionales.
041 _aspa
942 _cBK
590 _aniveau_biblio:m niveau_hierar:0
100 1 _aCaves, Richard E.
700 1 _aJohnson, Harry G.
856 4 1 _uhttps://www.biblioeco.unsa.edu.ar/pmb/images/libros/L128346.jpg
_yImagen de portada
_qimage/jpeg
999 _c5078
_d5078